| 000 | 01023nam a22002297a 4500 | ||
|---|---|---|---|
| 999 |
_c8359 _d8359 |
||
| 003 | AR-CdUCM | ||
| 008 | 190325b ||||| |||| 00| 0 eng d | ||
| 020 | _a9972-753-27-1 | ||
| 040 |
_aMUNICIPALIDAD PROVINCIAL DEL CUSCO _cBIBLIOTECA MUNICIPAL DEL CUSCO |
||
| 082 |
_a726.609 / _bF84 |
||
| 100 |
_aFrisancho Pineda, Ignacio _913339 |
||
| 245 |
_aLa Catedral de Puno : _bhistoria documentada / |
||
| 260 |
_aLima : _bConsejo Nacional de Ciencia y Tecnología, _c1999. |
||
| 300 |
_a177 páginas ; _bilustraciones, planos, mapas, _c23 cm. |
||
| 505 | _aContenido: La verdadera historia documentada de la catedral de Puno -- Breve descripción arquitectónica y estilística de la catedral de Puno -- Arquitectos, alarifes y otros artesanos que trabajaron en la zona del altiplano peruano. | ||
| 650 |
_aArquitectura religiosa _95651 |
||
| 650 |
_aÉpoca Colonial _9645 |
||
| 650 |
_aCatedral de Puno _923473 |
||
| 710 |
_aConsejo Nacional de Ciencia y Tecnología (Perú) _98513 |
||
| 942 |
_2ddc _cLIBROS |
||
| 945 | _araen | ||